000 01207cam a2200289 a 4500
999 _c45722
_d45722
001 4732150
005 20190305140229.0
008 840413s1985 ne b 101 0 eng
010 _a 84008312
020 _a9027717508
040 _aDLC
_cDLC
_dDLC
245 0 0 _aDivine omniscience and omnipotence in medieval philosophy :
_bIslamic, Jewish, and Christian perspectives /
_cedited by Tamar Rudavsky.
260 _aDordrecht, Holland ;
_aBoston :
_bD. Reidel Pub. Co. ;
_aHingham, MA :
_bSold and distributed in U.S.A. and Canada by Kluwer Academic Publishers,
_cc1985.
300 _aix, 299 p. ;
_c23 cm.
336 _atext
337 _aunmediated
338 _avolume
440 0 _aSynthese historical library ;
_vv. 25
500 _a"Papers presented at a conference held at the Ohio State University on March 3 and 4, 1982"--P. vii.
500 _aIncludes index.
504 _aBibliography: p. 271-284.
650 0 _aGod
_xOmniscience
_xHistory of doctrines
_yMiddle Ages, 600-1500
_xCongresses.
650 0 _aGod
_xOmnipotence
_xHistory of doctrines
_yMiddle Ages, 600-1500
_xCongresses.
650 0 _aPhilosophy, Medieval
_xCongresses.
700 1 _aRudavsky, Tamar,
_d1951-
942 _2lcc
_cBK